000 00340nam a2200133Ia 4500
008 240624s9999 xx 000 0 und d
041 _aeng
082 _a332.6 SAR
100 _aSARYCHEV ANDREY
245 _aMATHEMATICAL CONTROL THEORY AND FINANCE
260 _c2008
_aGermany
_bSpringer
300 _axiii,420p. ; 23cm
365 _cERU
_b26
999 _c20700
_d20700